000 00806cab a22002175a 4500
001 L158915
008 150930e20150919xxk 000 0 eng d
035 _a(Sirsi) u158915
041 0 _aeng
100 1 _aLevinson, J.
245 0 0 _aWaving goodbye to waiver?
260 _c2015
490 _aEstates Gazette
_v(1537) 19 September 2015, 114-115(2)
520 _aArgues that it is time to end the concept of waiver of forfeiture 30 years after the Law Commission first proposed the abolition of the law of forfeiture. Explains what a waiver is, the evolution of the law of waiver and what may happen in the future to this area of the law.
590 _aKA
651 4 _aUnited Kingdom
690 _aLeasing/Letting
_96253
690 _aLandlord and tenant
_96252
700 1 _aFain, C
942 _n0
999 _c84732
_d84732